| 000 | 00421nam a22001697a 4500 | ||
|---|---|---|---|
| 003 | OSt | ||
| 005 | 20211013162412.0 | ||
| 008 | 211013b |||||||| |||| 00| 0 eng d | ||
| 020 | _a8170195566 | ||
| 040 | _cHAWASSA UNIVERSITY | ||
| 050 |
_a631.4/SOI _b5 |
||
| 082 |
_a631.4/SOI _b5 |
||
| 245 | _aSOIL HEALTH MANAGEMENT IN PLANTAION CROPS | ||
| 260 |
_aANSARI _bNEW DELHI _c2017 |
||
| 300 | _a215 | ||
| 942 |
_2ddc _cBOOKS _n0 |
||
| 999 |
_c12556 _d12556 |
||